| 000 | 01374cam a22003374a 4500 | ||
|---|---|---|---|
| 999 |
_c7032 _d7032 |
||
| 001 | 12083775 | ||
| 003 | GBCCL | ||
| 005 | 20241126110617.0 | ||
| 008 | 000628s1999 ilu b 001 0 eng | ||
| 010 | _a 00688077 | ||
| 020 | _a0802407730 | ||
| 040 |
_aDLC _cDLC _dDLC |
||
| 042 | _apcc | ||
| 050 | 0 | 0 |
_aBS2825.3 _b.M28 1999 |
| 082 | 0 | 0 |
_a225.77 _221 _bMAC |
| 100 | 1 |
_aMacArthur, John, _d1939- _91165 |
|
| 245 | 1 | 0 |
_aRevelation 1-11 / _cJohn MacArthur, Jr. |
| 250 | _aIndian edition | ||
| 260 |
_aChicago : _bMoody Press, _cc1999. |
||
| 300 |
_aviii, 344 p. ; _c24 cm. |
||
| 490 | 1 | _aThe MacArthur New Testament commentary | |
| 504 | _aIncludes bibliographical references (p. 323-324) and indexes. | ||
| 630 | 0 | 0 |
_aBible. _pRevelation, I-XI _vCommentaries. _912473 |
| 800 | 1 |
_aMacArthur, John, _d1939- _tMacArthur New Testament commentary. _912401 |
|
| 856 | 4 | 2 |
_3Publisher description _uhttp://www.loc.gov/catdir/enhancements/fy0611/00688077-d.html |
| 856 | 4 | 1 |
_3Table of contents only _uhttp://www.loc.gov/catdir/enhancements/fy1202/00688077-t.html |
| 856 | 4 | 2 |
_3Contributor biographical information _uhttp://www.loc.gov/catdir/enhancements/fy1202/00688077-b.html |
| 906 |
_a7 _bcbc _corignew _d2 _encip _f19 _gy-gencatlg |
||
| 942 |
_2ddc _cREF |
||